000 00728nam a2200205Ii 4500
003 JO-AjNU
008 230605s9999||||xx |||||||||||||| ||und||
017 _a1986/1026
040 _aJO-AjNU
_bara
_erda
_cJO-AjNU
041 _aara
050 1 4 _aBP173.25.M8364 1986
100 3 _aعبد الحميد، محسن,
_eauthor
_920711
245 0 0 _aمنهج التغيير الإجتماعي في الإسلام
264 3 1 _aد.م: د.ن، 1986
300 _a157ص
336 _atext
_btxt
_2rdacontent
337 _aunmediated
_bn
_2rdamedia
338 _avolume
_bnc
_2rdacarrier
650 4 _aالاسلام والاصلاح الاجتماعي- الاسلام والتغير الاجتماعي- فلسفة اسلامية
_920712
999 _aA7071
_c10639
_d10639